Large capital flows <a> surveyof the causes, consequences, and policy responses

Na minha lista:
Detalhes bibliográficos
Autor principal: López-Mejía, Alejandro
Formato: Livro
Idioma:inglês
Publicado em: Washington International Monetary Fund 1999
Colecção:IMF Working Paper 17
Assuntos:
Tags: Adicionar Tag
Sem tags, seja o primeiro a adicionar uma tag!

MARC

LEADER 00000nam a2200000 4500
001 c109471
005 20221221082836.9
041 0 |a eng 
044 |a US 
245 1 0 |a Large capital flows  |b <a> surveyof the causes, consequences, and policy responses  |c Alejandro López-Mejía 
264 1 |a Washington  |b International Monetary Fund  |c 1999 
300 |a 53 s. 
490 1 |a IMF Working Paper  |v 17 
830 0 |a IMF Working Paper  |v 17 
610 2 0 |a pohyb kapitálu 
610 2 0 |a kríza 
610 2 0 |a kapitál 
610 2 0 |a politika menová 
610 2 0 |a politika peňažná 
610 2 0 |a politika fiškálna 
610 2 0 |a krajiny rozvojové 
610 2 0 |a SVE 
610 2 0 |a ceny burzové 
100 1 |a López-Mejía, Alejandro